Manuel Belgrano /

Guardado en:
Autor Principal: Arcella, Darío
Formato: Deslizar
Series:Educable
Materias:
Etiquetas: Agregar Etiqueta
Sin Etiquetas, Sea el primero en etiquetar este registro!
LEADER 00890ngm a22002655g 4500
001 CEM.cems022089
008 130507b1994##################0###0#####d
005 20241003211508.0
245 1 0 |a Manuel Belgrano /  |c Darío Arcella. 
300 |a 29'. 
490 0 |a Educable 
500 |a En soporte VHS, consultar en ventanilla. 
505 0 |a Campaña del Alto Perú. El desastre de Huaqui. El éxodo jujeño. La importancia económica del Alto Perú. 
538 |a Soporte: VHS - Norma: Pal N - Color - Grabación DRD 1994 - Hitachi=2315 
100 1 |a Arcella, Darío 
082 9 8 |. 03/ARC 
653 |a ARGENTINA-HISTORIA 
653 |a BELGRANO, MANUEL 
653 |a PERU 
653 |a EXODO JUJEÑO 
653 |a HUAQUI, DESASTRE DE 
653 |a ARGENTINA 
653 |a HISTORIA 
653 |a NIVEL SECUNDARIO 
859 |a CEMS  |b BIB. CEMS - Depto. Recursos Didacticos  |h 982.03  |i ARC  |k DRD  |p 732.12  |t Ej.1